000 00502nam a2200193Ia 4500
003 GCL
008 140319s9999 xx 000 0 aRus d
040 _aGCL /
_cGCL
082 0 4 _a860
_bR L
100 1 _aRICO, FRANCISCO
245 1 0 _aLAZARILLO DE TORMES /
_cRICO, FRANCISCO
260 _a[S.N] :
_bCATEDRA LETRAS HISPANICAS ،
_c1995
300 _a191
650 0 4 _aLITERATURE
650 0 4 _aSPANISH NOVELS
650 0 4 _aLITERATURE - HISTORY
650 0 4 _aSPANISH LITERATURE
942 _2ddc
_cBK
999 _c12888
_d12888